Countries bordering Colombia - Statistics

General Stats
  • This quiz has been taken 60 times
  • The average score is 5 of 5
Answer Stats
Country % Correct
Brazil
100%
Ecuador
100%
Venezuela
100%
Peru
98%
Panama
96%
No matching quizzes found
Score Distribution
Percent of People with Each Score
Percentile by Number Answered
Your Score History
You have not taken this quiz